Annual State of Constitutionalism in East Africa 2014 / (Record no. 8538)

MARC details
000 -LEADER
fixed length control field 00509nam a22001697a 4500
003 - CONTROL NUMBER IDENTIFIER
control field OSt
005 - DATE AND TIME OF LATEST TRANSACTION
control field 20171028120542.0
008 - FIXED-LENGTH DATA ELEMENTS--GENERAL INFORMATION
fixed length control field 171028b xxu||||| |||| 00| 0 eng d
040 ## - CATALOGING SOURCE
Original cataloging agency LDCLIB
Transcribing agency LDCLIB
082 ## - DEWEY DECIMAL CLASSIFICATION NUMBER
Edition number 22
Classification number 342.676
Item number ANN
245 ## - TITLE STATEMENT
Title Annual State of Constitutionalism in East Africa 2014 /
Statement of responsibility, etc edited by Winnie Mitullah.
260 ## - PUBLICATION, DISTRIBUTION, ETC. (IMPRINT)
Place of publication, distribution, etc Kampala :
Name of publisher, distributor, etc Fountain Publishers,
Date of publication, distribution, etc c2016.
300 ## - PHYSICAL DESCRIPTION
Extent 222 p. ;
Dimensions 23 cm.
650 ## - SUBJECT ADDED ENTRY--TOPICAL TERM
Topical term or geographic name as entry element Constitutionalism
Geographic subdivision East Africa
700 ## - ADDED ENTRY--PERSONAL NAME
Personal name Mitullah, Winnie.
942 ## - ADDED ENTRY ELEMENTS (KOHA)
Source of classification or shelving scheme Dewey Decimal Classification
Koha item type Books
Holdings
Withdrawn status Lost status Damaged status Not for loan Home library Current library Shelving location Date acquired Total Checkouts Full call number Barcode Date last seen Price effective from Koha item type
        Law Development Centre Main Library Law Development Centre Main Library Text Books and Laws 10/28/2017   342.676 ANN 2011/4200 10/28/2017 10/28/2017 Books
        Law Development Centre Main Library Law Development Centre Main Library Text Books and Laws 10/28/2017   342.676 ANN 2011/4300 10/28/2017 10/28/2017 Books